00479nam a2200193 a 4500001001300000003000900013005001700022008004100039020000800080082001700088100001900105245002300124260003400147300000800181500003500189505003100224650001100255700001900266nice12345678IN_TiNIC20260116011509.0050524s1967 dela grp 000 0 eng  ac000a947.084bPRA aPrakash, Satya aRussian Revolution aDelhibNational Academyc1967 a32p aincludes index and biblioraphy2 alight of islam series no.4 aRussia1 aPrakash, Satya